Normal view
MARC view
- Jawad, Majida.
Entry Personal Name
001 - CONTROL NUMBER
- control field: 58464
003 - CONTROL NUMBER IDENTIFIER
- control field: OSt
005 - DATE AND TIME OF LATEST TRANSACTION
- control field: 20240820123619.0
008 - FIXED-LENGTH DATA ELEMENTS
- fixed length control field: 240820|| aca||aabn | a|a d
040 ## - CATALOGING SOURCE
- Original cataloging agency: OSt
- Transcribing agency: OSt
100 ## - HEADING--PERSONAL NAME
- Personal name: Jawad, Majida.
- Relator term: author.
670 ## - SOURCE DATA FOUND
- Source citation: Work cat.: (OSt): Kadir, Jawad. author. 58463, Does conflict begin at home?—using family dynamics to understand the Hindu-Muslim conflict in British India:, August 2020.
